[Event "LOTTO POL-ch Men 2019"]
[Site "Warsaw"]
[Date "2019.05.14"]
[Round "4.5"]
[White "Gajewski, Grzegorz"]
[Black "Gumularz, Szymon"]
[Result "0-1"]
[WhiteElo "2613"]
[BlackElo "2483"]
[Annotator "TA"]
[PlyCount "72"]
[EventDate "2019.05.11"]
[EventType "tourn"]
[EventCountry "POL"]
[SourceTitle "playchess.com"]
[Source "ChessBase"]
[SourceQuality "1"]

{[%evp 12,72,22,10,12,12,22,31,30,24,31,26,35,43,36,37,34,-3,43,-44,-45,-34,-33,-54,-35,-60,-47,-67,-14,-14,-20,-15,-17,-21,-21,-81,-29,-116,-95,-116,-127,-127,-116,-115,-126,-112,-81,-186,-149,-283,-131,-685,-676,-679,-672,-683,-677,-621,-638,-1145,-1128,-1078,-1093]} 1. Nf3 Nf6 2. c4 e6 3. Nc3 d5 4. e3 a6 5. b3 c5 6. Bb2 Nc6 7. d4 cxd4 {A13: English Opening: 1...e6} (7... Be7 8. Be2 cxd4 9. exd4 b6 10. O-O Bb7 11. cxd5 exd5 12. Ne5 O-O 13. Rc1 Rc8 14. Na4 Na7 15. Rxc8 Nxc8 {½-½ (55) Lenic,L (2641)-Fressinet,L (2696) Germany 2011}) 8. Nxd4 Bd6 9. Be2 O-O {White is slightly better.} 10. O-O $146 ({Predecessor:} 10. cxd5 exd5 11. O-O Re8 12. Rc1 Ne5 13. h3 Bd7 14. Nf3 Bc6 15. Rc2 Qe7 16. Nd4 Bd7 17. Na4 Rad8 18. Nb6 Be6 19. a3 Ne4 20. Nxe6 fxe6 {½-½ (30) Tokarev,I (2295)-Iljin,A (2537) Kazan 2014}) 10... Bc7 11. Ba3 Re8 12. Nxc6 bxc6 13. Qc2 e5 14. Rac1 Bd6 (14... d4 $5 {[%cal Rd4c3]} 15. Rcd1 g6 $11) 15. Qb2 (15. Bxd6 $14 Qxd6 16. Na4) 15... d4 $15 16. Bxd6 Qxd6 17. exd4 exd4 18. Na4 c5 19. Bf3 Ra7 {[#]} ({Black should play} 19... Rb8 $15 20. Qa3 Rb4) 20. b4 $1 $11 {[%mdl 512]} cxb4 21. c5 Qf4 $40 {[%mdl 128] Black mounts an attack.} 22. Rcd1 Rd8 23. Rfe1 (23. Qxb4 $11 Bg4 24. Qb6) 23... d3 (23... a5 $1 $17) 24. Nb6 {[#]} (24. Re3 $11 {remains equal.}) 24... Bf5 $1 $17 25. Qe5 Qxe5 26. Rxe5 Be6 27. Rd2 a5 28. Bd1 Rc7 29. h3 (29. f3 $17) 29... g6 30. g4 {[#]} (30. Bf3 $17) 30... Rd4 (30... Rxc5 $1 $19 {[%mdl 512] and Black stays clearly on top.} 31. Rxc5 Ne4 {[%mdl 64] Double Attack}) 31. Ba4 $2 {[%mdl 8192]} (31. f3 $17) 31... Ne4 $19 {Black is clearly winning.} 32. Rxe4 Rxe4 33. c6 Re2 34. Rxd3 Rxa2 35. Na8 Rc8 36. Nb6 Rb8 {Accuracy: White = 37%, Black = 51%.} 0-1

[Event "LOTTO POL-ch Men 2019"]
[Site "Warsaw"]
[Date "2019.05.14"]
[Round "4.5"]
[White "Gajewski, Grzegorz"]
[Black "Gumularz, Szymon"]
[Result "*"]
[WhiteElo "2613"]
[BlackElo "2483"]
[Annotator "TA"]
[PlyCount "39"]
[EventDate "2019.05.11"]
[EventType "tourn"]
[EventCountry "POL"]
[SourceTitle "playchess.com"]
[Source "ChessBase"]
[SourceQuality "1"]

{[%evp 12,16,16,16,18,12,16]} 1. Nf3 Nf6 2. c4 e6 3. Nc3 d5 4. e3 a6 5. b3 c5 6. Bb2 Nc6 7. d4 cxd4 {A13: English Opening: 1...e6} 8. Nxd4 Bd6 {Predecessor:} 9. cxd5 $146 exd5 10. Be2 O-O 11. O-O Re8 12. g3 Bh3 13. Re1 Nxd4 14. Qxd4 Be5 15. Qh4 Bf5 16. Red1 Ne4 17. Qxd8 Raxd8 18. Rac1 Nxc3 19. Bxc3 Bxc3 20. Rxc3 {½-½ (33) Vignesh,N (2399)-Adhiban,B (2627) Pune 2015} *

[Event "LOTTO POL-ch Men 2019"]
[Site "Warsaw"]
[Date "2019.05.15"]
[Round "5.1"]
[White "Gumularz, Szymon"]
[Black "Piorun, Kacper"]
[Result "1/2-1/2"]
[WhiteElo "2483"]
[BlackElo "2657"]
[Annotator "TA"]
[PlyCount "61"]
[EventDate "2019.05.11"]
[EventType "tourn"]
[EventCountry "POL"]
[SourceTitle "playchess.com"]
[Source "ChessBase"]
[SourceQuality "1"]

{[%evp 9,61,45,26,27,32,32,40,43,65,57,70,68,82,70,68,52,65,33,17,35,29,17,47,46,65,57,71,16,66,11,32,11,17,0,0,0,0,0,-20,-30,0,0,0,0,20,16,37,10,52,0,30,0,12,0]} 1. e4 e5 2. Nf3 Nc6 3. Bb5 g6 ({Predecessor:} 3... a6 4. Ba4 Nge7 5. c3 g6 6. d4 exd4 7. cxd4 b5 8. Bc2 {1-0 (51) Pichot,A (2528)-Bida,M (2394) Khanty-Mansiysk 2015}) 4. c3 a6 5. Ba4 Bg7 6. d4 {C70: Ruy Lopez: 3...a6 4 Ba4, Norwegian and Delayed Schliemann} exd4 7. cxd4 b5 8. Bc2 {White is slightly better.} Nge7 $146 (8... d6 9. d5 Na5 10. O-O Ne7 11. Bd2 Bxb2 12. Bxa5 Bxa1 13. Nc3 {1-0 (24) Navara,D (2733)-Salgado Lopez,I (2624) Germany 2019}) 9. d5 Na5 10. Bd2 c5 11. Bc3 O-O 12. Bxg7 Kxg7 13. b4 cxb4 14. Qd4+ Kg8 15. Qxb4 d6 16. Nbd2 Nb7 17. O-O Bd7 18. Nb3 ({White should try} 18. Qd4 $16) 18... Rc8 19. Bd3 (19. Qd2 $14) 19... f5 20. Rae1 fxe4 21. Qxe4 Nf5 22. Qb4 Qf6 23. Rc1 a5 24. Qf4 {[#] Hoping for Rxc8.} Rxc1 25. Rxc1 a4 26. Nbd4 Nc5 27. Bxf5 $1 ({Avoid the trap} 27. Bxb5 $2 Bxb5 28. Nxb5 Nd3 $19) 27... gxf5 28. Rb1 Ne4 29. Rc1 Nc5 30. Rb1 Ne4 31. Rc1 {Accuracy: White = 46%, Black = 76%.} 1/2-1/2

[Event "LOTTO POL-ch Men 2019"]
[Site "Warsaw"]
[Date "2019.05.15"]
[Round "5.2"]
[White "Socko, Bartosz"]
[Black "Gajewski, Grzegorz"]
[Result "1/2-1/2"]
[WhiteElo "2627"]
[BlackElo "2613"]
[Annotator "TA"]
[PlyCount "81"]
[EventDate "2019.05.11"]
[EventType "tourn"]
[EventCountry "POL"]
[SourceTitle "playchess.com"]
[Source "ChessBase"]
[SourceQuality "1"]

{[%evp 13,81,8,9,5,13,16,20,25,29,13,13,14,18,13,14,16,10,0,0,0,0,-14,-14,-22,-6,-7,4,5,11,11,42,42,42,42,42,42,42,42,42,42,42,42,42,0,0,0,0,0,29,20,29,29,29,0,0,0,0,0,0,0,1,0,1,0,0,0,1,0,0,0]} 1. d4 Nf6 2. c4 e6 3. Nf3 d5 4. g3 Bb4+ 5. Nbd2 O-O 6. Bg2 b6 7. O-O Bb7 8. b3 {E16: Queen's Indian: 4 g3 Bb7 5 Bg2 Bb4+} (8. a3 Be7 9. cxd5 exd5 10. b4 a5 11. b5 c6 12. bxc6 Nxc6 13. Bb2 b5 14. e3 a4 15. Qb1 Qb6 16. Rc1 Rfc8 17. Ne5 h6 {1-0 (48) So,W (2780)-Vidit,S (2718) chess.com INT 2018}) 8... Nbd7 9. Bb2 Rc8 10. Rc1 Re8 11. Ne5 Nxe5 12. dxe5 Ne4 $146 ({Predecessor:} 12... Nd7 13. Qc2 Bf8 14. Rfd1 c5 15. cxd5 exd5 {1-0 (31) Kantor,G (2479)-Livaic,L (2464) Rymanow Zdroj 2017}) 13. Nxe4 dxe4 14. a3 Qxd1 15. Rcxd1 Be7 16. f4 Red8 17. e3 a5 18. Kf2 Rxd1 (18... h5 {feels hotter.} 19. h3 Kf8 20. g4 Bc5 21. Rg1 hxg4 22. hxg4 g6) 19. Rxd1 Rd8 20. Rxd8+ Bxd8 $11 {[%mdl 4096] Endgame KBB-KBB} 21. b4 c5 22. b5 h5 23. Bf1 Kh7 24. Be2 Kh6 25. Bc3 Be7 26. Kg2 Bd8 27. Kh3 Be7 28. g4 hxg4+ 29. Kxg4 Bc8 30. Bd1 Bd8 31. Bc2 Bb7 32. Be1 Be7 33. Bh4 f5+ {The position is equal.} 34. exf6 gxf6 35. Kh3 Bd8 36. Bd1 Be7 37. Bg3 Bd8 38. Kh4 Bc8 39. Kh3 Bb7 40. Bc2 Kg6 41. Bd1 {Accuracy: White = 63%, Black = 80%.} 1/2-1/2

[Event "LOTTO POL-ch Men 2019"]
[Site "Warsaw"]
[Date "2019.05.15"]
[Round "5.3"]
[White "Bartel, Mateusz"]
[Black "Dragun, Kamil"]
[Result "1/2-1/2"]
[WhiteElo "2598"]
[BlackElo "2591"]
[Annotator "TA"]
[PlyCount "61"]
[EventDate "2019.05.11"]
[EventType "tourn"]
[EventCountry "POL"]
[SourceTitle "playchess.com"]
[Source "ChessBase"]
[SourceQuality "1"]

{[%evp 9,61,20,17,16,17,14,21,16,10,2,15,14,11,23,21,14,10,20,17,18,11,11,27,37,76,82,77,71,69,38,33,20,15,16,20,25,32,7,60,23,52,0,56,30,27,26,49,0,0,0,0,0,0,0]} 1. d4 Nf6 2. c4 e6 3. g3 d5 4. Bg2 a6 (4... Bb4+ 5. Nd2 O-O 6. Ngf3 dxc4 7. O-O b5 8. a4 c6 9. b3 c3 10. Nb1 Bb7 11. Qc2 c5 12. Nxc3 cxd4 13. Nxb5 Nc6 14. Qc4 Qe7 15. Nbxd4 {1-0 (33) Caruana,F (2819)-Naiditsch,A (2695) Karlsruhe/Baden Baden 2019}) 5. Nd2 Be7 6. Ngf3 {E01: Catalan: Early deviations} O-O 7. O-O b6 8. cxd5 exd5 9. Qc2 Bb7 10. Ne5 c5 $146 ({Predecessor:} 10... Bd6 11. Ndc4 Be7 12. Ne3 Re8 13. Nf5 Bf8 14. Bf4 c5 15. Rfd1 Nbd7 16. Nc4 {0-1 (57) Bai,J (2556)-Peng,X (2410) Shenzhen 2017}) 11. dxc5 bxc5 12. Rd1 Nbd7 13. Nxd7 Qxd7 {[#]} 14. Nc4 $1 {[%mdl 512] Hoping for Nb6.} Rad8 (14... dxc4 15. Rxd7) 15. Bg5 Qe6 16. Ne3 Ng4 17. Bxe7 Nxe3 18. Qxc5 Nxd1 19. Bxd8 {[#] Strongly threatening Bh4.} Nxf2 20. Kxf2 {And now Qb6 would win.} Rxd8 21. Qd4 Rc8 22. Rd1 g6 23. Bf3 h5 ({Black should play} 23... Rc2 $11) 24. Qb4 (24. Qa7 $5 {[%cal Ra7b7]} Ba8 25. Kg1 $11) 24... Rc7 25. Rd4 (25. Rd3 $14) 25... Qf6 (25... Qh3 $11 26. Bg2 Qf5+ 27. Bf3 Qh3) 26. Rf4 Qe6 27. Qd4 Rc4 28. Qa7 {Black must now prevent Rxc4.} Rxf4 {The position is equal.} 29. gxf4 Bc8 $1 30. Qb8 Kh7 31. Qe5 {Accuracy: White = 68%, Black = 44%.} 1/2-1/2

[Event "LOTTO POL-ch Men 2019"]
[Site "Warsaw"]
[Date "2019.05.15"]
[Round "5.4"]
[White "Janik, Igor"]
[Black "Sadzikowski, Daniel"]
[Result "1/2-1/2"]
[WhiteElo "2469"]
[BlackElo "2522"]
[Annotator "TA"]
[PlyCount "196"]
[EventDate "2019.05.11"]
[EventType "tourn"]
[EventCountry "POL"]
[SourceTitle "playchess.com"]
[Source "ChessBase"]
[SourceQuality "1"]

{[%evp 9,195,10,16,24,13,11,11,0,0,1,8,0,0,-8,-3,-7,8,-34,-33,-70,-67,-58,-56,-97,-104,-200,-200,-187,-153,-183,-136,-240,-239,-229,-243,-235,-239,-245,-213,-229,-231,-763,-724,-831,-823,-892,-917,-951,-905,-884,-885,-793,-585,-581,-558,-580,-579,-564,-404,-394,-345,-343,-330,-302,-280,-287,-283,-469,-454,-434,-387,-365,-344,-354,-340,-347,-350,-523,-520,-513,-508,-452,-332,-278,-154,-143,-22,-22,-22,-139,-25,-135,-18,-166,-113,-113,-95,-95,-95,-100,-105,-107,-107,-102,-94,-141,-149,-149,-127,-151,-65,-94,-86,-85,-85,-134,0,-153,-45,-48,-12,-12,-12,-49,-50,-49,-48,-50,-8,-11,-14,-62,0,0,0,0,0,0,0,0,0,0,0,0,0,0,0,0,0,0,0,0,0,0,0,0,0,0,0,0,0,-8,-8,-8,-8,-8,-8,-8,-8,-8,-8,-8,-8,-8,0,0,0,0,0,0,0,0,0,0,0,0,0,0]} 1. d4 d5 2. c4 e6 3. Nf3 Nf6 4. g3 Bb4+ 5. Bd2 Bd6 (5... Be7 6. Bg2 O-O 7. O-O Nbd7 8. Qc2 c6 9. Rc1 b6 10. cxd5 cxd5 11. Qd1 Bb7 12. a3 a6 13. Bf4 Rc8 14. Nbd2 Rxc1 15. Rxc1 Qa8 16. Ne5 Nxe5 17. Bxe5 {½-½ (41) Mamedyarov,S (2790)-Radjabov,T (2756) Shamkir 2019}) 6. Nc3 {E01: Catalan: Early deviations} O-O 7. Qc2 Nc6 8. Bg2 dxc4 9. O-O Be7 10. e3 $146 ({Predecessor:} 10. Bf4 Nd5 11. Rad1 Nxf4 12. gxf4 Nb4 {1-0 (43) Salomon,J (2501)-Piorun,K (2631) Khanty-Mansiysk 2017}) 10... Nb4 11. Qb1 c5 12. dxc5 Bxc5 13. Na4 Be7 $36 {[%mdl 2048] Black has the initiative.} 14. Rc1 b5 {aiming for ...Nd3.} 15. Bxb4 Bxb4 16. Nd4 Bd7 $1 17. Bxa8 (17. a3 $17 {is a better defense.} Bd2 18. Rd1 Bxe3 19. fxe3 bxa4 20. Bxa8 Qxa8 21. Qc2) 17... Qxa8 $19 18. a3 e5 {[%mdl 1024] Black has strong compensation.} 19. Nf5 g6 20. Nh4 (20. Nb6 $17 {might work better.} axb6 21. axb4) 20... Be7 21. Nc3 {[#]} Bh3 $1 {Threatens to win with ...g5.} 22. e4 ({Don't blunder} 22. Nxb5 $2 g5 $19) 22... Bc5 23. Rd1 Ng4 24. Rd2 {[#]} f5 $1 {[%mdl 512]} 25. Qe1 $2 (25. exf5 g5 26. Qe4 gxh4 27. Qxa8 Rxa8 28. Ne4) 25... f4 26. Nd1 g5 27. Ng2 Qc6 28. Kh1 fxg3 29. hxg3 Qh6 {Strongly threatening ...Bxg2+.} 30. Qg1 Bxf2 31. Rxf2 Nxf2+ 32. Nxf2 Be6+ 33. Nh4 gxh4 34. gxh4+ Kh8 35. Qg3 Qf6 36. Rg1 Qf3+ 37. Qxf3 Rxf3 {[%mdl 4096] Endgame KRB-KRN} 38. Kg2 $2 (38. Nd1) 38... Rb3 39. Rd1 Kg7 40. Rd6 Kf6 41. Nd1 a5 42. Ra6 b4 43. Rxa5 (43. axb4 $142 axb4 44. Kf1) 43... Bg4 44. Nf2 Bf3+ 45. Kg1 Rxb2 46. axb4 c3 (46... Rxb4 $19 47. Ra6+ Ke7) 47. Ra3 $17 Rxb4 (47... Rc2 $17 {...Ke7 is the strong threat.} 48. b5 Rc1+ 49. Kh2 Be2) 48. Rxc3 $11 Bxe4 49. Kh2 (49. Nxe4+ $11 {was the only way to keep the balance.} Rxe4 50. Rc6+ Kf5 51. Rh6) 49... Kf5 (49... Bd5 $17 50. Kg3 h5) 50. Rc7 (50. Nxe4 $11 {remains equal.} Rxe4 51. Kh3) 50... h5 ({Black should try} 50... Rb7 $17 51. Rc8 Bd5 52. Rf8+ Rf7) 51. Rf7+ (51. Nxe4 $11 Rxe4 52. Kh3) 51... Kg6 (51... Ke6 $19 52. Rg7 Rb2) 52. Rf8 $17 Bf5 53. Rg8+ Kf6 54. Rf8+ Ke6 55. Re8+ Kd5 56. Rd8+ Kc5 57. Rh8 Bg6 58. Rg8 {[#]} Rb6 $1 59. Kg3 Rd6 (59... Bf7 $17 60. Rh8 Rb3+ 61. Kh2 Rb2) 60. Kf3 Kd4 61. Ra8 Rf6+ 62. Kg3 Rd6 63. Kf3 $1 Kd5 (63... e4+ $17 64. Kf4 Rf6+ 65. Kg5 Rxf2 66. Kxg6 e3 67. Rd8+ Ke5 68. Kxh5 e2 69. Re8+ Kf5) 64. Nh3 $15 Rf6+ (64... Ke6 $5 {[%cal Rd6d3]} 65. Ng5+ Kf6 $17) 65. Ke3 Rb6 66. Ra5+ Ke6 67. Ng5+ Kf6 68. Nf3 Rb3+ 69. Kf2 $1 Rb2+ 70. Ke3 Rb3+ ({Black should play} 70... Rb4 $1 $15) 71. Kf2 $1 $11 {The position is equal.} e4 72. Ra6+ Kg7 73. Nd4 Rc3 74. Ne6+ Kg8 75. Ra8+ Kf7 76. Ng5+ Ke7 77. Ra7+ Kd8 78. Ra8+ Kd7 79. Ra7+ Kd8 80. Ra8+ Kc7 81. Ra7+ Kd6 (81... Kb6 {feels hotter.} 82. Re7 Bf5 83. Re5 Bg4 84. Rxe4 Kc6) 82. Ra6+ Rc6 83. Rxc6+ Kxc6 {KB-KN} 84. Ke3 Kd5 85. Nh3 {Black must now prevent Nf4+.} Ke5 86. Nf4 Be8 87. Ne2 Bf7 88. Ng3 Bg6 89. Ne2 Kf5 {Hoping for ...Kg4.} 90. Ng3+ {[#]} Kg4 $1 91. Nxe4 Bxe4 92. Kxe4 Kxh4 {( -> ...Kg3). KP-K} 93. Kf3 Kh3 94. Kf2 h4 95. Kg1 Kg3 96. Kh1 h3 97. Kg1 h2+ 98. Kh1 Kh3 {Accuracy: White = 60%, Black = 54%.} 1/2-1/2

[Event "LOTTO POL-ch Men 2019"]
[Site "Warsaw"]
[Date "2019.05.15"]
[Round "5.5"]
[White "Tomczak, Jacek"]
[Black "Heberla, Bartlomiej"]
[Result "1-0"]
[WhiteElo "2631"]
[BlackElo "2556"]
[Annotator "TA"]
[PlyCount "45"]
[EventDate "2019.05.11"]
[EventType "tourn"]
[EventCountry "POL"]
[SourceTitle "playchess.com"]
[Source "ChessBase"]
[SourceQuality "1"]

{[%evp 12,85,24,26,27,14,19,2,0,10,35,8,18,16,29,0,0,2,30,-5,-4,-32,59,17,12,22,104,103,140,116,139,135,153,76,80,93,61,83,73,75,84,63,62,24,12,23,20,17,124,117,116,22,22,22,55,54,60,57,423,275,631,618,689,664,653,641,815,815,788,638,815,808,774,772,2035,1986]} 1. e4 c5 2. Nf3 e6 3. d4 cxd4 4. Nxd4 Nf6 5. Nc3 d6 6. f4 Nc6 7. Nb3 a6 {B82: Sicilian Scheveningen: 6 f4} 8. Qf3 Qc7 9. Bd3 b5 {The position is equal.} 10. O-O Bb7 11. Bd2 Be7 12. Rae1 h5 (12... O-O 13. Qg3 b4 14. Nd1 {0-1 (42) Kevlishvili,R (2451)-Korobov,A (2698) St Petersburg 2018}) 13. a4 b4 14. Nd1 {[%cal Bc3d1,Bd1e3,Be3c2][%mdl 32]} Na5 $146 ({Predecessor:} 14... d5 15. exd5 Nxd5 16. f5 Ne5 17. Qh3 Nxd3 18. cxd3 exf5 19. Qxf5 {0-1 (46) Villalba,M (2225)-Krysa,L (2474) Asuncion 2015}) 15. Ne3 Nxb3 16. cxb3 Bc6 (16... d5 $15 17. exd5 O-O) 17. Nc2 d5 18. e5 Ng4 (18... Ne4 $1 $11 {remains equal.} 19. Bc1 Bc5+ 20. Kh1 (20. Be3 Nd2 $17 {[%mdl 64] Double Attack}) 20... g6) 19. Kh1 $16 Qb6 {[#]} 20. a5 $1 $36 {[%mdl 2560] White is really pushing.} Qxa5 21. f5 {Strongly threatening fxe6.} Qb6 {[#]} 22. fxe6 (22. Qf4 $142 $1) 22... fxe6 {[#]} 23. Bg5 {Played: Qf3-f7} 1-0

[Event "LOTTO POL-ch Men 2019"]
[Site "Warsaw"]
[Date "2019.05.16"]
[Round "6.1"]
[White "Piorun, Kacper"]
[Black "Heberla, Bartlomiej"]
[Result "1-0"]
[WhiteElo "2657"]
[BlackElo "2556"]
[Annotator "TA"]
[PlyCount "119"]
[EventDate "2019.05.11"]
[EventType "tourn"]
[EventCountry "POL"]
[SourceTitle "playchess.com"]
[Source "ChessBase"]
[SourceQuality "1"]

{[%evp 20,119,17,18,23,13,28,12,113,118,125,104,106,114,117,106,120,104,92,88,97,24,74,73,93,98,142,142,142,145,122,123,131,142,131,145,91,18,18,18,28,28,28,28,30,0,0,0,0,0,22,18,86,80,166,141,156,162,191,193,197,205,197,191,184,190,186,142,142,141,143,143,147,141,189,156,203,203,225,224,283,264,304,304,542,535,512,483,958,934,1070,937,1538,1531,1544,1497,29977,1385,1308,1131,994,921]} 1. d4 Nf6 2. c4 d6 3. Nc3 e5 4. Nf3 Nbd7 5. g3 c6 6. Bg2 e4 7. Nd2 d5 8. cxd5 cxd5 9. f3 exf3 10. Nxf3 Be7 11. O-O Nb6 {A54: Old Indian Defence with Nf3, but without e4} (11... O-O 12. Kh1 Nb6 13. Ne5 Be6 14. Qd3 Rc8 15. Bf4 Ne8 16. Rac1 a6 17. a4 f6 18. Nf3 g5 19. Be3 {0-1 (48) Bao,Q (2436)-Bauer,C (2628) Cappelle-la-Grande 2018}) 12. Qd3 O-O 13. a4 {[%cal Ba2a4,Ba4a5,Ba5a6,Ba6b7][%mdl 32] Hoping for a5.} g6 $146 (13... h6 $11) ({Predecessor:} 13... Be6 14. Ne5 Rc8 15. Bf4 Nc4 16. Nxc4 Rxc4 17. b3 Rc8 18. Rfc1 Qa5 19. Qb5 {½-½ (37) Blohberger,F (2300)-Nelson,J (2183) Ortisei 2016}) 14. Ne5 $16 Be6 15. a5 $1 {[%cal Ra5b6]} Nbd7 16. a6 Nxe5 17. dxe5 Ng4 18. axb7 Qb6+ 19. Kh1 Rad8 20. Nxd5 (20. h3 $16 Nxe5 21. Qe3 Qxe3 22. Bxe3) 20... Bxd5 21. Bxd5 Qf2 {[%cal Rf2f1][%mdl 64] Double Attack} 22. Bg2 $1 {Strongly threatening Qxd8.} Qxf1+ {[%mdl 64] Remove Defender} 23. Bxf1 Nf2+ 24. Kg1 $1 Nxd3 25. exd3 {Threatens to win with Be3.} Bc5+ 26. Kh1 $1 Rd7 27. Bg2 $1 Rb8 28. Be4 ({White should try} 28. Bh6 $16) 28... Bd4 $11 29. Ra5 Rdxb7 30. Bxb7 Rxb7 {[%mdl 4096] Endgame KRB-KRB} 31. Kg2 Re7 32. Rd5 Bxe5 33. Bh6 {White wants to mate with Rd8+.} Bc7 34. Kf3 f6 35. Be3 Be5 (35... a6 $11 {keeps the balance.}) 36. Bc5 $16 Rb7 (36... Rf7 $16 {is a better defense.}) 37. Rd8+ $18 Kf7 38. d4 Bc7 39. Rd7+ Ke6 40. Re7+ $1 ({Not} 40. Rxh7 Rb3+ 41. Kg4 Bb6 $11) 40... Kd5 {[#]} 41. b4 $1 ({Weaker is} 41. Rxh7 Rb3+ 42. Kg4 Bb6 $14) 41... h5 42. b5 g5 43. Ke2 Kc4 {[#]} 44. Bd6 $1 {[%mdl 576] Pin} Rxb5 (44... Bxd6 45. Rxb7) 45. Rxc7+ Kxd4 $16 {KRB-KR} 46. Ba3 ({Resist} 46. Rxa7 $6 Rb2+ 47. Ke1 Rxh2 $14) 46... Ra5 47. Bc1 Ra2+ {[#]} 48. Bd2 $1 Ke4 49. Rh7 Ra1 50. Rxh5 Rh1 51. Rh6 Kf5 $2 (51... a6 52. Bc3 f5) 52. Bc3 $18 Kg4 53. Bxf6 a5 (53... Rc1 $142 54. Ke3 Rc2) 54. Kf2 a4 55. Be7 Rb1 56. h3+ Kf5 57. g4+ Kf4 58. Rf6+ (58. Re6 $142 Rb2+ 59. Re2 Rxe2+ 60. Kxe2 Ke4 61. Bxg5 Ke5 62. Bc1 Ke6 63. h4) 58... Ke4 59. Re6+ {[%mdl 64] Discovered Attack} Kd5 60. Re3 {Accuracy: White = 75%, Black = 50%.} 1-0

[Event "LOTTO POL-ch Men 2019"]
[Site "Warsaw"]
[Date "2019.05.16"]
[Round "6.2"]
[White "Sadzikowski, Daniel"]
[Black "Tomczak, Jacek"]
[Result "1/2-1/2"]
[WhiteElo "2522"]
[BlackElo "2631"]
[Annotator "TA"]
[PlyCount "67"]
[EventDate "2019.05.11"]
[EventType "tourn"]
[EventCountry "POL"]
[SourceTitle "playchess.com"]
[Source "ChessBase"]
[SourceQuality "1"]

{[%evp 9,67,22,34,34,35,35,34,36,52,55,71,70,75,52,49,43,43,43,42,43,33,41,30,35,52,54,50,25,24,22,33,0,2,8,11,0,0,0,0,0,13,14,14,14,14,14,14,17,22,23,24,24,24,24,28,23,28,28,31,0]} 1. e4 c5 2. Nf3 Nc6 3. Nc3 e5 4. Bc4 Be7 5. d3 Nf6 6. Nd2 {B30: Sicilian: 2...Nc6 3 Bb5, lines without ...g6} (6. Ng5 O-O 7. f4 exf4 8. Bxf4 d5 9. exd5 Nd4 10. Nge4 b5 11. d6 Nxe4 12. dxe7 Qxe7 13. Nxe4 bxc4 14. O-O cxd3 15. cxd3 {½-½ (23) Navara,D (2745)-Radjabov,T (2748) Shamkir 2018}) 6... O-O 7. Nf1 Ne8 8. Ne3 Kh8 $146 ({Predecessor:} 8... Bg5 9. O-O d6 10. Ned5 Bxc1 11. Rxc1 Be6 12. a3 a6 13. a4 Rb8 14. Ne3 Nc7 15. Ncd5 Bxd5 16. Bxd5 {½-½ (16) Fogarasi,T (2420)-Vaulin,A (2492) Budapest 1999}) 9. O-O Nd6 10. Ned5 Bg5 11. Bxg5 Qxg5 12. Qc1 Qxc1 13. Raxc1 Nd4 14. a4 Nxc4 15. dxc4 d6 16. Rfe1 Rd8 17. Nb5 Be6 18. Ndc7 Rac8 19. Nxe6 fxe6 20. Nxa7 Ra8 21. Nb5 Rxa4 22. Ra1 Rxa1 23. Rxa1 {Strongly threatening Nxd6!} Nxb5 24. cxb5 $11 {[%mdl 4096] Endgame KR-KR} Kg8 25. Kf1 Kf7 26. Ra7 Rb8 27. c4 Ke7 28. Ke2 Kd7 29. Ra3 Rg8 30. Rh3 h6 31. Rf3 {And now Rf7+ would win.} Ke7 32. Ra3 Kd7 33. Rg3 Ke7 34. Ra3 {Accuracy: White = 62%, Black = 70%.} 1/2-1/2

[Event "LOTTO POL-ch Men 2019"]
[Site "Warsaw"]
[Date "2019.05.16"]
[Round "6.3"]
[White "Dragun, Kamil"]
[Black "Janik, Igor"]
[Result "1-0"]
[WhiteElo "2591"]
[BlackElo "2469"]
[Annotator "TA"]
[PlyCount "105"]
[EventDate "2019.05.11"]
[EventType "tourn"]
[EventCountry "POL"]
[SourceTitle "playchess.com"]
[Source "ChessBase"]
[SourceQuality "1"]

{[%evp 21,105,16,6,8,11,-13,0,0,1,-34,-34,-30,-31,-29,-24,-21,-27,-30,-16,-29,-14,-14,-18,-23,-9,-9,-9,-22,-9,-26,-10,-12,-10,-35,0,0,14,0,0,0,2,8,64,62,153,151,156,168,154,140,189,189,178,187,195,178,175,163,341,154,254,210,238,239,247,247,234,270,244,195,262,277,901,903,1031,1020,993,995,1536,1522,1518,1459,1297,1207,1472,1434]} 1. Nf3 Nf6 2. g3 g6 3. Bg2 Bg7 4. O-O O-O 5. d4 d5 6. Nbd2 c6 7. b3 a5 8. c4 Ne4 9. Bb2 Bf5 10. Nh4 Nxd2 11. Qxd2 Be6 12. f4 {D78: Fianchetto Grünfeld: 6 0-0 c6} Nd7 {[%cal Bb8d7,Bd7f6,Bf6e8,Be8d6,Bd6f5][%mdl 32]} 13. c5 (13. f5 gxf5 14. Nxf5 Bxf5 15. Rxf5 e6 16. Rff1 f5 17. cxd5 cxd5 18. Rac1 Nf6 19. Bf3 a4 {0-1 (39) Wang,H (2730)-Dubov,D (2703) St Petersburg 2018}) 13... b6 $146 ({Predecessor:} 13... f5 14. Nf3 Nf6 15. Ne5 Ne4 16. Qc2 Bf6 17. Bc1 Kg7 18. Be3 h5 19. Bxe4 fxe4 20. h4 Bh3 21. Rfb1 Bxe5 22. dxe5 Kh7 23. b4 axb4 24. Rxb4 Ra3 25. Rb3 Qa8 26. Qb2 {½-½ (26) Kaster,M (2154)-Antonsen,M (2438) Helsingor 2009}) 14. cxb6 {The position is equal.} Qxb6 15. e3 a4 16. b4 a3 17. Bc3 Nf6 18. Qc2 Ne8 19. Rfc1 Nd6 20. Bf1 Bf6 21. Nf3 Bf5 22. Bd3 Rfc8 23. Bxf5 Nxf5 24. Qe2 Nd6 25. Rab1 e6 26. Rb3 h5 27. Be1 Nb5 28. Ne5 Rc7 29. Qd3 Kg7 30. Kg2 Rh8 31. h3 g5 ({Black should try} 31... Qb7 $11) 32. Rc5 Be7 {[#]} (32... Nd6 $14) 33. fxg5 $1 $16 {[%mdl 512]} Bxg5 {[#]} 34. Nxc6 $1 {[%mdl 512]} Nd6 (34... Rxc6 35. Rxb5) 35. Ne5 Ne4 36. Rxa3 {[%cal Bb3a3,Ba3a6,Ba6c6][%mdl 32]} Bf6 {...Bxe5 is the strong threat.} 37. Ra6 Qb7 {And now ...Bxe5 would win.} 38. Rxc7 Qxc7 39. Rc6 Qe7 $2 (39... Qa7) 40. Nf3 (40. a4 $18 {is the precise move to win.}) 40... Rg8 (40... Ra8 $16) 41. Qc2 Kh6 {[#]} 42. Rc8 $1 {[%cal Rc8g8]} Rxc8 43. Qxc8 Qa7 {[#]} 44. Qc2 $1 Qa3 45. b5 Bd8 (45... Nd6 $142 46. Qb1 Kg7) 46. Ne5 $18 Qxe3 $2 (46... Ba5) 47. Bf2 {White is clearly winning.} Nxf2 48. Qxf2 Qe4+ 49. Kh2 Be7 50. Qf4+ Qxf4 51. gxf4 f6 52. Nd7 Bd6 53. Kg3 {Accuracy: White = 73%, Black = 39%.} 1-0